420 Logo Quiz - Statistics

General Stats
  • This quiz has been taken 20 times
  • The average score is 190 of 420
Answer Stats
Picture Answer % Correct
Chick Fil A
100%
Adidas
88%
Amazon
88%
Adobe
81%
Angry Birds
81%
Apple
81%
Appstore
81%
Audi
81%
Avengers
81%
BBC
81%
7-Eleven
75%
Android
75%
Best Buy
75%
BIC
75%
BMW
75%
Burger King
75%
Candy Crush
75%
Chevrolet
75%
Clash Of Clans
75%
Domino's
75%
Dove
75%
Dreamworks
75%
Dunkin'
75%
Facebook
75%
Fanta
75%
Finding Nemo
75%
Firefox
75%
Gatorade
75%
Gears Of War
75%
Hello Kitty
75%
Home Alone
75%
Hulu
75%
IKEA
75%
JBL
75%
KFC
75%
Korean Air
75%
LEGO
75%
Levi's
75%
Lexus
75%
LG
75%
Pokemon Go!
75%
Red Bull
75%
Toy Story
75%
Wikipedia
75%
Aston Martin
69%
AT&T
69%
Chrome
69%
DELL
69%
Dodge
69%
Dolby
69%
Excel
69%
FILA
69%
GAP
69%
Google
69%
Google Maps
69%
Gucci
69%
Harley Davidson
69%
iTunes
69%
Jetpunk
69%
Kahoot!
69%
Kitkat
69%
L'Oreal
69%
Los Angeles Lakers
69%
Louis Vuitton
69%
McDonald's
69%
Minecraft
69%
Mini
69%
Moana
69%
Ms. Pacman
69%
NASA
69%
NBA
69%
Netflix
69%
New Balance
69%
Nike
69%
Oreo
69%
Pac-Man
69%
Paramount
69%
Pepsi
69%
Pringles
69%
PUMA
69%
Reddit
69%
Roblox
69%
Rolex
69%
Rolls-Royce
69%
Safari
69%
Skittles
69%
Skype
69%
Snapchat
69%
Snickers
69%
Spotify
69%
Sprite
69%
Starbucks
69%
Subway
69%
Superman
69%
Taco bell
69%
The Incredibles
69%
The New York Times
69%
TikTok
69%
T-Mobile
69%
Tommy Hilfiger
69%
Twix
69%
Under Armour
69%
Walmart
69%
Walt Disney
69%
Whatsapp
69%
X
69%
Yahoo!
69%
YouTube
69%
A Clockwork Orange
63%
Airbnb
63%
Arsenal
63%
Asics
63%
Bacardi
63%
BBC News
63%
Carl's Jr.
63%
Chicago Bulls
63%
Coca-Cola
63%
Converse
63%
Costco
63%
Discord
63%
Evian
63%
Firestone
63%
Fruit Of The Loom
63%
Hardee's
63%
Heinz
63%
Hershey's
63%
Hertz
63%
IBM
63%
IHOP
63%
Intel
63%
Jif
63%
Knorr
63%
Lincoln
63%
MTV
63%
NBC
63%
NERF
63%
Nestle
63%
NFL
63%
Orbit
63%
Playboy
63%
Porsche
63%
Ray-Ban
63%
Reese's
63%
Rockstar
63%
Skoda
63%
The Hunger Games
63%
Toyota
63%
Toys R Us
63%
Tripadvisor
63%
Virgin
63%
VISA
63%
Volvo
63%
20th Century Fox
56%
ACER
56%
American Express
56%
AOL Instant Messenger
56%
Aquafina
56%
Barclays
56%
Boston Red Sox
56%
British Airways
56%
Cadbury
56%
CBS
56%
Cheerios
56%
Chicago White Sox
56%
Dole
56%
Donkey Kong
56%
Gerber
56%
Goodyear
56%
HBO
56%
Klondike
56%
Kraft
56%
Lipton
56%
Lululemon
56%
Mattel
56%
Mountain Dew
56%
SEGA
56%
Shakey's
56%
Tesco
56%
The Godfather
56%
Top Gun
56%
Vodafone
56%
White Castle
56%
Zoom
56%
Aero
50%
AOL
50%
Arm and hammer
50%
BBC ONE
50%
BBC Radio
50%
BBC RADIO 2
50%
Boston Celtics
50%
Chevron
50%
CVS
50%
DOOM
50%
Dropbox
50%
Golden State Warriors
50%
Greenbay Packers
50%
Hermes
50%
Lindt
50%
Miami Dolphins
50%
Mortal Kombat
50%
MrBeast
50%
New York Yankees
50%
Nickelodeon
50%
Nikon
50%
Oakley
50%
Opel
50%
Qantas
50%
Quaker Oats
50%
SEAT
50%
Skechers
50%
Sonic
50%
Tiffany
50%
Umbro
50%
Verizon
50%
Warner Bros.
50%
Xerox
50%
Yamaha
50%
BBC Sport
44%
Bing
44%
Brooklyn Nets
44%
Charlotte Hornets
44%
ChatGPT
44%
Chicago cubs
44%
Chiquita
44%
Cincinnati Reds
44%
Cleveland Cavaliers
44%
Dallas Mavericks
44%
Delta Airlines
44%
Denver Nuggets
44%
Detroit Redwings
44%
DQ
44%
Google Calendar
44%
Hoover
44%
Houston Rockets
44%
Indiana Pacers
44%
ING
44%
JCPenney
44%
LA Dodgers
44%
Marriott
44%
Minnesota Timberwolves
44%
Minnesota Vikings
44%
Nespresso
44%
Nivea
44%
NY Nets
44%
Oklahoma City Thunder
44%
Old Spice
44%
Peugeot
44%
SF Giants
44%
Skyrim
44%
The Guardian
44%
Tide
44%
Tim Hortons
44%
Utah Jazz
44%
Whataburger
44%
Baltimore Orioles
38%
Boston Bruins
38%
Calgary Flames
38%
Canva
38%
Clorox
38%
Costa
38%
Dallas Stars
38%
Detroit Pistons
38%
Detroit Tigers
38%
DoubleTree
38%
Ducati
38%
Five
38%
Florida Panthers
38%
FOX
38%
General Mills
38%
Google Meet
38%
Houston Astros
38%
Little Caesar's
38%
Los Angeles Angels
38%
Los Angeles Clippers
38%
Los Angeles Kings
38%
Lowe's
38%
Memphis Grizzlies
38%
Miami Heat
38%
Milwaukee Bucks
38%
Orlando Magic
38%
Panera
38%
Pittsburg Pirates
38%
Rocket League
38%
Sacramento Kings
38%
San Antonio Spurs
38%
San Francisco 49ers
38%
Seattle Kraken
38%
Seattle Mariners
38%
Sprint
38%
Toronto Mapleleafs
38%
Tostitos
38%
Windows
38%
Barq's
31%
CBBC
31%
Chicago Blackhawks
31%
Cleveland Guardians
31%
Colorado Avalanche
31%
Colorado Rockies
31%
Everton
31%
Fuji
31%
Kansas City Royals
31%
Miami Marlins
31%
Minnesota Twins
31%
Morton Salt
31%
MTV Music
31%
Nestea
31%
New Orleans Pelicans
31%
New York Knicks
31%
Philadelphia 76ers
31%
Ruffles
31%
San Diego Padres
31%
Snapple
31%
Starter
31%
Tissot
31%
Toronto Raptors
31%
Walkers
31%
Wall's
31%
Wonder Bread
31%
Wordpress
31%
Burberry
25%
BYU
25%
Crunchyroll
25%
Decathlon
25%
Galaxy
25%
Iberia
25%
Jollibee
25%
Little Debbie
25%
Milo
25%
Milwaukee Brewers
25%
Nabisco
25%
NY Rangers
25%
P&G
25%
Portland Trail Blazers
25%
QuickTime
25%
Ryanair
25%
SM
25%
St. Louis Cardinals
25%
TiVo
25%
Vaseline
25%
Winnipeg Jets
25%
Air Lingus
19%
Doublemint
19%
Dyson
19%
Ericcson
19%
Maestro
19%
Nashville Predators
19%
Peter John
19%
Pillsbury
19%
Slack
19%
Washington Wizards
19%
ABS-CBN
13%
Agoda
13%
Algodoo
13%
BBC HD
13%
Creative Cloud
13%
Culver's
13%
Filmora
13%
GMA
13%
Hackett
13%
Half Life
13%
Illustrator
13%
Kinemaster
13%
KreekCraft
13%
Lazada
13%
Max
13%
Myspace
13%
Quaker State
13%
Selecta
13%
Square Enix
13%
Technoblade
13%
TV5
13%
Twinings
13%
Uber
13%
Xilam
13%
ZTE
13%
24 Oras
6%
Airbus UK
6%
ANC
6%
ArmyNavy
6%
Band-Aid
6%
BBC Essex
6%
Behance
6%
C2
6%
Ethan
6%
Fastrack
6%
GTV
6%
Procreate
6%
QSMP
6%
Quest Hotels And Resorts
6%
Quizizz
6%
Squarespace
6%
Star Cinema
6%
TD BRICKS
6%
The Legends Of Zelda: Breath of wild
6%
Zoho
6%
AngDelCru1201
0%
Atlethics
0%
Barbour
0%
Bear Brand
0%
Church's
0%
Dreamweaver
0%
DZMM
0%
Fresco
0%
Genyo
0%
Glorietta
0%
HypeHype
0%
Logopedia
0%
Mark Daniel Garcia
0%
Maybank
0%
Outift7
0%
Petron
0%
PH Airlines
0%
Pickup Coffee
0%
Quorz
0%
Rat And Boa
0%
Spark
0%
Tokopedia
0%
UFC
0%
Utah Hockyclub
0%
Zest
0%
No matching quizzes found
Score Distribution
Percent of People with Each Score
Percentile by Number Answered
Your Score History
You have not taken this quiz